1952 1455 1408 1923 1062 1643 1197 1508 1228 1689 1352 1787 1229 1050 1535 1498 1375 1147 1647 1621 1212 1063 1317 1031 1291 1413 1907 1496 1387 1176 1438 1407 1628 1595 1625 1984 1478 1247 1619 1340 1999 1554 1955 1040 1597 1263 1891 1847 1225 1793 1657 1687 1824 1931 1213 1353 1025 1116 1957 1321 1374 1588 1255 1784 1877 1330 1353 1670 1952 1619 1872 1377 1879 1877 1651 1389 1784 1289 1412 1519 1649 1824 1866 1179 1093 1983 1770 1863 1853 1484 1938 1528 1850 1760 1890 1552 1126 1541 1869 BCNSPRNW ULIB Ver.6.0+V

เปลี่ยนเป็นภาษาไทย

Change to English
 แสดงรายละเอียดบรรณานุกรม
  กลับหน้าหลัก

Brief Record : Get Marc (ISO 2709) : E-mail record : QR code < ปิดหน้าต่าง
LEADER : 00000nam 2200000uu 4500
001    13399112169
003     ULIB
008    110729s2551||||th 000 0 tha d
020    9789740439332
050 04 HD30.2^bน319K 2551
100 0  สหัทยา วิเศษ
245 10 KM ภาคปฏิบัติ :^bประสบการณ์ของคน ชุมชนองค์กรในการจัดการความรู้ท้องถิ่น /^cเรียบเรียง สหัทยา วิเศษ
246 30 ประสบการณ์ของคน ชุมชน องค์กรในการจัดการความรู้ท้องถิ่น
260    กรุงเทพฯ :^bสถาบันเสริมสร้างการเรียนรู้เพื่อชุมชนเป็นสุข(สรส.),^c2551
300    112 หน้า :^bภาพประกอบ
650  7 การบริหารองค์ความรู้
650  7 การปกครองท้องถิ่น^xการจัดการ
710 20 สถาบันเสริมสร้างการเรียนรู้เพื่อชุมชนเป็นสุข (สรส.)
945    ^p100^l0^i024328
945    ^p100^l0^i024329
995    ทศพร
999 ^a ทศพร
รายการนี้ยังไม่มีแท็ก
คุณยังไม่ได้ล็อกอิน คุณสามารถมีกิจกรรมร่วมกับเว็บไซต์ได้ แต่ต้องล็อกอินก่อน ::
  ล็อกอิน

รายการสื่อสารสนเทศ

ลำดับที่ ประเภท เลขเรียก/บาร์โค้ด สถานที่ สถานะ
1. การศึกษาทั่วไป
การศึกษาทั่วไป
HD30.2 น319K 2551 ฉ.2 
  Barcode: 024329
ห้องสมุดวิทยาเขตนครสวรรค์
►หนังสือทั่วไป:l:General Books
บนชั้น

รายการใกล้เคียง
    หัวเรื่อง [การบริหารองค์ความรู้]

BibComment


ยังไม่เคยถูกคอมเมนท์

คอมเมนท์ทรัพยากรรายการนี้
  คอมเมนท์: KM ภาคปฏิบัติ ปร..


 Copyright 2026. Bcnsprnw @Library